[Event "Arapiraca Lopez Memorial 1st"]
[Site "Arapiraca"]
[Date "2016.??.??"]
[Round "1"]
[White "Galvao, Joao Paulo de Freit"]
[Black "Da Silva, Jose Douglas"]
[Result "1-0"]
[WhiteElo "1910"]
[BlackElo "1800"]
[PlyCount "59"]
[EventDate "2016.07.16"]
[EventType "swiss"]
[EventRounds "6"]
[EventCountry "BRA"]
[SourceTitle "EXT 2017"]
[Source "ChessBase"]
[SourceDate "2016.10.25"]
[SourceVersion "1"]
[SourceVersionDate "2016.10.25"]
[SourceQuality "1"]

1. d4 e5 2. dxe5 Nc6 3. f4 f6 4. exf6 Nxf6 5. Nf3 Bc5 6. e3 d5 7. Bd3 Bg4 8. 0-0 Bxf3 9. Qxf3 0-0 10. Nc3 Bb4 11. Ne2 h5 12. c3 Bc5 13. Nd4 Bxd4 14. exd4 Ng4 15. h3 Nf6 16. Bd2 Re8 17. Rae1 Rxe1 18. Rxe1 Qd7 19. Bg6 a5 20. Bxh5 Nxh5 21. Qxh5 Ne7 22. Re5 c6 23. f5 Rf8 24. g4 b6 25. Bg5 g6 26. fxg6 Nc8 27. g7 Qxg7 28. Bh6 Qf6 29. Rg5+ Kh8 30. Bxf8+ 1-0

[Event "Maceio Alagoano op"]
[Site "Maceio"]
[Date "2015.12.06"]
[Round "3"]
[White "Galvao, Joao Paulo de Freit"]
[Black "Barros, Davi Matheus Costa"]
[Result "1-0"]
[WhiteElo "1857"]
[BlackElo "1817"]
[PlyCount "77"]
[EventDate "2015.12.05"]
[EventType "swiss"]
[EventRounds "7"]
[EventCountry "BRA"]
[SourceTitle "CBM 170 Extra"]
[Source "ChessBase"]
[SourceDate "2016.02.25"]
[SourceVersion "1"]
[SourceVersionDate "2016.02.25"]
[SourceQuality "1"]

1. d4 Nf6 2. c4 e6 3. Nf3 c5 4. d5 exd5 5. cxd5 d6 6. Nc3 g6 7. Bg5 Bg7 8. e3 a6 9. a4 Qc7 10. Qc2 0-0 11. Be2 Re8 12. 0-0 b6 13. Rfd1 Bb7 14. h3 Nbd7 15. Bf4 Ne5 16. Bxe5 dxe5 17. e4 Red8 18. Nd2 Ne8 19. Nc4 Nd6 20. Nxd6 Rxd6 21. a5 b5 22. Bxb5 axb5 23. Nxb5 Qd7 24. Nxd6 Qxd6 25. Qb3 Qd7 26. Qc4 Ba6 27. Qxc5 Bf8 28. Qc6 Qa7 29. Rdc1 Rc8 30. Qb6 Qa8 31. Rc6 Bd3 32. Rxc8 Qxc8 33. d6 Bxe4 34. Qc7 Qf5 35. Ra3 Bd5 36. d7 Qb1+ 37. Kh2 Qf1 38. Rg3 Qxf2 39. Qxe5 1-0

[Event "Goiania-ch U26"]
[Site "Goiania"]
[Date "2013.10.27"]
[Round "7"]
[White "Galvao, Joao Paulo de Freit"]
[Black "Oliveira Filho, Rubens Martins"]
[Result "1/2-1/2"]
[WhiteElo "1968"]
[BlackElo "1795"]
[PlyCount "127"]
[EventDate "2013.10.24"]
[EventType "swiss"]
[EventRounds "7"]
[EventCountry "BRA"]
[SourceTitle "EXT 2014"]
[Source "ChessBase"]
[SourceDate "2013.11.20"]
[SourceVersion "1"]
[SourceVersionDate "2013.11.20"]
[SourceQuality "1"]

1. d4 c6 2. c4 d5 3. Nc3 Nf6 4. Nf3 dxc4 5. e4 b5 6. Ne5 Bb7 7. a4 a6 8. Be3 e6 9. Qc2 Nbd7 10. Rd1 Qa5 11. Bd2 Qc7 12. f4 Be7 13. Be2 b4 14. Nb1 c5 15. Qxc4 Bxe4 16. 0-0 a5 17. Bf3 Bd5 18. Qc2 c4 19. Nxc4 Rc8 20. b3 Nb6 21. Be2 0-0 22. Bd3 Qa7 23. Be3 Rc7 24. Nbd2 Rfc8 25. Rc1 g6 26. h3 Bxc4 27. Nxc4 Nfd5 28. Qf2 Nxc4 29. Bxc4 Bf6 30. Rfd1 Qb7 31. g4 Nc3 32. Re1 Nxa4 33. Ra1 Nb2 34. Qxb2 Rxc4 35. bxc4 Rxc4 36. Rxa5 Rc3 37. Ra4 Qf3 38. Qg2 Rxe3 39. Qxf3 Rxf3 40. Rxb4 Rxf4 41. Rd1 Kg7 42. Kg2 e5 43. Kg3 Rxd4 44. Rbxd4 exd4 45. Kf4 h6 46. Rd3 Bg5+ 47. Ke5 Be3 48. Rb3 Bf2 49. Rd3 Be3 50. Rb3 Bg1 51. Rd3 Be3 52. Rb3 h5 53. gxh5 f5 54. hxg6 Kxg6 55. Rb2 f4 56. Ke4 Kh5 57. Kf3 Kh4 58. Rb7 d3 59. Rh7+ Kg5 60. Rd7 d2 61. Rd8 Kh4 62. Rh8+ Kg5 63. Rd8 Kf5 64. Rd3 1/2-1/2

[Event "Goiania-ch U26"]
[Site "Goiania"]
[Date "2013.10.26"]
[Round "4"]
[White "Carvalho, Carlos Alberto"]
[Black "Galvao, Joao Paulo de Freit"]
[Result "1-0"]
[WhiteElo "1810"]
[BlackElo "1968"]
[PlyCount "47"]
[EventDate "2013.10.24"]
[EventType "swiss"]
[EventRounds "7"]
[EventCountry "BRA"]
[SourceTitle "EXT 2014"]
[Source "ChessBase"]
[SourceDate "2013.11.20"]
[SourceVersion "1"]
[SourceVersionDate "2013.11.20"]
[SourceQuality "1"]

1. d4 e6 2. e3 d5 3. Nf3 c5 4. Be2 Nc6 5. 0-0 Nf6 6. b3 Bd6 7. Bb2 cxd4 8. exd4 Qc7 9. Nbd2 Ne4 10. c4 Bf4 11. g3 Bh6 12. Nxe4 dxe4 13. Ne5 Nxe5 14. dxe5 0-0 15. Qd4 Qc6 16. b4 a6 17. a4 b6 18. b5 Qb7 19. Ba3 Re8 20. Rfd1 Qc7 21. Qxe4 Bb7 22. Qd4 Red8 23. Bd6 Qd7 24. Qxb6 1-0

[Event "Goiania-ch U26"]
[Site "Goiania"]
[Date "2013.10.25"]
[Round "2"]
[White "Laet, Jonatas Blendo Dos"]
[Black "Galvao, Joao Paulo de Freit"]
[Result "1/2-1/2"]
[WhiteElo "1736"]
[BlackElo "1968"]
[PlyCount "47"]
[EventDate "2013.10.24"]
[EventType "swiss"]
[EventRounds "7"]
[EventCountry "BRA"]
[SourceTitle "EXT 2014"]
[Source "ChessBase"]
[SourceDate "2013.11.20"]
[SourceVersion "1"]
[SourceVersionDate "2013.11.20"]
[SourceQuality "1"]

1. e4 e6 2. d4 d5 3. e5 c5 4. c3 Nc6 5. Nf3 Qb6 6. Bd3 Bd7 7. Qb3 Qc7 8. 0-0 c4 9. Bxc4 Na5 10. Qc2 Nxc4 11. Na3 Nxa3 12. bxa3 Rc8 13. Bd2 Bxa3 14. Rab1 b5 15. Qd3 Qc4 16. Qe3 h6 17. Ne1 a5 18. Qg3 g5 19. f4 Be7 20. fxg5 Bxg5 21. Bxg5 hxg5 22. Qxg5 Ne7 23. Rxf7 Kxf7 24. Qf6+ 1/2-1/2